Alphabetical Hudson County (NJ) Quiz Stats

Quiz not verified by Sporcle

Challenge
Share
Tweet
Embed
Score 0/12 Timer 03:00
0 Plays Today
- Municipality % Correct
BBayonne
96.9%
HHoboken
90.6%
JJersey City
90.6%
GGuttenberg
87.5%
KKearny
87.5%
NNorth Bergen Twp.
87.5%
UUnion City
87.5%
WWeehawken Twp.
87.5%
WWest New York
84.4%
HHarrison
81.3%
EEast Newark
71.9%
SSecaucus
71.9%

You're not logged in!

Compare scores with friends on all Sporcle quizzes.
Join for Free
OR
Log In

You Might Also Like...

Show Comments

Extras

Top Quizzes Today


Score Distribution

Your Account Isn't Verified!

In order to create a playlist on Sporcle, you need to verify the email address you used during registration. Go to your Sporcle Settings to finish the process.

Report this User

Report this user for behavior that violates our Community Guidelines.

Details: